| 000 | 00848nam a2200253 a 4500 | ||
|---|---|---|---|
| 001 | BRCA_963 | ||
| 005 | 20190320203226.0 | ||
| 008 | 931025s1993 mx-a---##b---#000-0#spa-d | ||
| 020 | _a9686796045 | ||
| 040 |
_aDLC _cDLC _dDLC |
||
| 050 | 4 |
_aNA7515.P8 _b.C67 1993 |
|
| 100 | 1 |
_aCorcuera Colle, Marie-Pierre _93181 |
|
| 245 | 1 | 0 |
_aCasa poblana _cMarie-Pierre Colle Corcuera ; fotografía Ignacio Urquiza. |
| 260 |
_a[Monterrey, N.L.] _bMuseo de Monterrey _c1993 |
||
| 300 |
_a222 p. _bil. a color _c29 cm. |
||
| 500 | _aIncluye glosario | ||
| 504 | _aBibliografía: p. 221-222 | ||
| 650 | 1 | 4 |
_aArquitectura doméstica _zMéxico _91939 |
| 651 | 4 |
_aPuebla (México) _xEdificios, estructuras, etc. _93182 |
|
| 651 | 4 |
_aPuebla (México) _xVida social y costumbres _9408 |
|
| 653 | 0 | _aVida cotidiana | |
| 700 | 1 |
_aUrquiza, Ignacio _93183 |
|
| 942 |
_2lcc _cB |
||
| 999 |
_c849 _d849 |
||